[Event "Botvinnik Cup 2018"]
[Site "Moscow"]
[Date "2018.08.10"]
[Round "2"]
[White "Nurmanova, Alua"]
[Black "Egin, Vladimir"]
[Result "0-1"]
[WhiteElo "1825"]
[BlackElo "2317"]
[Annotator "NA"]
[PlyCount "44"]
[EventDate "2018.08.10"]
[EventCountry "RUS"]
[SourceTitle "playchess.com"]
[Source "ChessBase"]
[SourceQuality "1"]
[TimeControl "5400+30"]

1. e4 {[%emt 0:00:00]} e5 {[%emt 0:00:00]} 2. f4 {[%emt 0:00:00]} exf4 {[%emt 0:00:00]} 3. Bc4 {[%emt 0:00:02]} Nf6 {[%emt 0:00:00]} 4. Nc3 {[%emt 0:00:08]} c6 {[%emt 0:00:01]} 5. Qe2 {[%emt 0:04:38]} Bb4 {[%emt 0:00:49]} 6. e5 {[%emt 0:06:27]} O-O {[%emt 0:00:52]} 7. d4 {[%emt 0:07:25]} d5 {[%emt 0:03:19]} 8. Bd3 {[%emt 0:00:50]} Ne4 {[%emt 0:02:53]} 9. Bxe4 {[%emt 0:03:37]} dxe4 {[%emt 0:10:23]} 10. Qxe4 {[%emt 0:07:09]} f6 {[%emt 0:00:54]} 11. Nf3 {[%emt 0:06:11]} fxe5 {[%emt 0:01:04]} 12. O-O {[%emt 0:15:35]} exd4 {[%emt 0:01:14]} 13. Ne2 {[%emt 0:04:48]} Bc5 {[%emt 0:02:17]} 14. Qd3 {[%emt 0:11:22]} Na6 {[%emt 0:04:20]} 15. Bxf4 {[%emt 0:05:29]} Qd5 {[%emt 0:01:42]} 16. Nfxd4 {[%emt 0:09:37]} Bf5 {[%emt 0:02:17]} 17. Qd2 {[%emt 0:07:05]} Bxc2 {[%emt 0:03:48]} 18. Kh1 {[%emt 0:03:58]} Be4 {[%emt 0:01:47]} 19. Rf2 {[%emt 0:04:24]} g5 {[%emt 0:02:56]} 20. Be3 {[%emt 0:00:33]} Rxf2 {[%emt 0:04:13]} 21. Bxf2 {[%emt 0:00:02]} Bxg2+ {[%emt 0:00:03]} 22. Kg1 {[%emt 0:00:14]} Bh3 {[%emt 0:06:33]} 0-1

[Event "Botvinnik Cup 2018"]
[Site "Moscow"]
[Date "2018.08.10"]
[Round "2"]
[White "Grigoryan, Aram"]
[Black "Kovalev, Vladislav"]
[Result "0-1"]
[WhiteElo "1805"]
[BlackElo "2667"]
[Annotator "TA"]
[PlyCount "43"]
[EventDate "2018.08.10"]
[EventCountry "RUS"]
[SourceTitle "playchess.com"]
[Source "ChessBase"]
[SourceQuality "1"]

{[%evp 21,43,-92,-78,-141,-120,-183,-166,-391,-370,-415,-406,-460,-443,-869,-856,-1969,-966,-1682,-1654,-2487,-2434,-3273,-3236,-2907]} 1. d4 Nf6 2. c4 g6 3. Nc3 Bg7 4. e4 d6 5. Be2 O-O 6. Bg5 c5 7. d5 e6 8. Qd2 exd5 9. exd5 Re8 10. O-O-O a6 11. f3 b5 {[%cal Bb7b5,Bb5b4][%mdl 32]} 12. g4 {[#] E75: King's Indian: Averbakh Variation: 6...c5 7 d5 e6} ({Better is} 12. cxb5 Bd7 13. bxa6) 12... Nbd7 $1 $17 13. h4 {[#]} (13. Kb1 $17) 13... Qa5 $1 $19 {...b4 is the strong threat.} 14. h5 $146 (14. Kb1 {was worth a try.}) ({Predecessor:} 14. a3 Rb8 15. h5 bxc4 16. hxg6 fxg6 17. Bxc4 Ne5 18. Bf1 Qb6 19. Qh2 {0-1 (19) Berkell,P (2315)-Larsson,P (2355) Sweden 1994}) 14... b4 15. Nb1 Qxa2 16. Nh3 Nb6 {Black is clearly winning.} 17. Qc2 (17. Bd3 $142 Nxc4 18. Bxc4 Qxc4+ 19. Qc2 Qxc2+ 20. Kxc2) 17... Nxg4 18. fxg4 Rxe2 (18... b3 $142 19. Qxb3 Qxb3) 19. Qxe2 {[#]} Bxg4 $1 {[%mdl 512]} 20. Qf2 (20. Qxg4 Qxb2#) 20... Bf5 {( -> ...Re8)} 21. Kd2 Re8 {[%cal Ra2b2]} 22. Be3 {Precision: White =  2%, Black = 82%.} 0-1

[Event "Botvinnik Cup 2018"]
[Site "Moscow"]
[Date "2018.08.10"]
[Round "2"]
[White "Zeliantsova, Kseniya"]
[Black "Vaganian, Rafael A"]
[Result "1/2-1/2"]
[WhiteElo "1804"]
[BlackElo "2546"]
[Annotator "ChessBase"]
[PlyCount "117"]
[EventDate "2018.08.10"]
[EventCountry "RUS"]
[SourceTitle "playchess.com"]
[Source "ChessBase"]
[SourceQuality "1"]
[TimeControl "5400+30"]

1. e4 {[%emt 0:00:00]} e6 {[%emt 0:00:00]} 2. d4 {[%emt 0:00:00]} d5 {[%emt 0:00:00]} 3. Nc3 {[%emt 0:00:00]} Bb4 {[%emt 0:00:26]} 4. e5 {[%emt 0:00:00]} b6 {[%emt 0:00:20]} 5. f4 {[%emt 0:01:03]} Qd7 {[%emt 0:00:32]} 6. Nf3 {[%emt 0:00:45]} Ne7 {[%emt 0:00:11]} 7. Bd3 {[%emt 0:02:15]} Ba6 {[%emt 0:00:06]} 8. a3 {[%emt 0:00:35]} Bxc3+ {[%emt 0:00:16]} 9. bxc3 {[%emt 0:00:03]} Bxd3 {[%emt 0:00:04]} 10. Qxd3 {[%emt 0:01:27]} Nbc6 {[%emt 0:00:14]} 11. O-O {[%emt 0:01:58]} Na5 {[%emt 0:00:31]} 12. Nh4 {[%emt 0:05:18]} Nf5 {[%emt 0:01:53]} 13. Nxf5 {[%emt 0:06:40]} exf5 {[%emt 0:00:07]} 14. Qg3 {[%emt 0:00:07]} O-O {[%emt 0:00:13]} 15. Qf3 {[%emt 0:05:18]} Rac8 {[%emt 0:06:42]} 16. h3 {[%emt 0:02:04]} c5 {[%emt 0:00:06]} 17. Be3 {[%emt 0:07:01]} Nc4 {[%emt 0:00:26]} 18. Bc1 {[%emt 0:16:55]} cxd4 {[%emt 0:02:42]} 19. cxd4 {[%emt 0:00:06]} Rc6 {[%emt 0:00:46]} 20. Rf2 {[%emt 0:07:06]} Rfc8 {[%emt 0:09:02]} 21. g4 {[%emt 0:00:48]} h6 {[%emt 0:04:35]} 22. Ra2 {[%emt 0:05:30]} Na5 {[%emt 0:09:04]} 23. Kh2 {[%emt 0:02:00]} Rc3 {[%emt 0:02:06]} 24. Qg2 {[%emt 0:00:07]} Nc6 {[%emt 0:01:59]} 25. Bd2 {[%emt 0:01:31]} Rc4 {[%emt 0:00:47]} 26. c3 {[%emt 0:00:31]} Ne7 {[%emt 0:10:09]} 27. g5 {[%emt 0:02:57]} h5 {[%emt 0:02:11]} 28. Re2 {[%emt 0:00:49]} g6 {[%emt 0:01:08]} 29. Ra1 {[%emt 0:00:35]} Nc6 {[%emt 0:00:31]} 30. Rae1 {[%emt 0:01:17]} Nd8 {[%emt 0:03:16]} 31. Qf3 {[%emt 0:00:52]} Ne6 {[%emt 0:00:03]} 32. Rb1 {[%emt 0:01:58]} b5 {[%emt 0:02:16]} 33. Be1 {[%emt 0:01:00]} a5 {[%emt 0:03:06]} 34. Reb2 {[%emt 0:00:14]} Rb8 {[%emt 0:00:01]} 35. Qe3 {[%emt 0:00:47]} Kh7 {[%emt 0:03:43]} 36. Bd2 {[%emt 0:00:18]} Rb6 {[%emt 0:00:22]} 37. Rb3 {[%emt 0:01:15]} Qc6 {[%emt 0:01:22]} 38. Qd3 {[%emt 0:01:42]} Nc7 {[%emt 0:06:51]} 39. Be1 {[%emt 0:04:18]} Ra4 {[%emt 0:01:19]} 40. Bd2 {[%emt 0:01:30]} Qc4 {[%emt 0:03:27]} 41. Qf1 {[%emt 0:02:54]} Qxf1 {[%emt 0:02:42]} 42. Rxf1 {[%emt 0:00:05]} Kg8 {[%emt 0:00:01]} 43. Kg2 {[%emt 0:00:57]} Kf8 {[%emt 0:00:13]} 44. Kf2 {[%emt 0:00:12]} Ke7 {[%emt 0:00:16]} 45. Ke3 {[%emt 0:00:12]} Kd7 {[%emt 0:00:06]} 46. Kd3 {[%emt 0:00:05]} Kc6 {[%emt 0:02:46]} 47. h4 {[%emt 0:01:17]} Rc4 {[%emt 0:02:40]} 48. Rfb1 {[%emt 0:00:21]} Ne6 {[%emt 0:00:42]} 49. Be3 {[%emt 0:00:52]} Nc7 {[%emt 0:04:18]} 50. Bd2 {[%emt 0:00:43]} Kb7 {[%emt 0:02:54]} 51. Be1 {[%emt 0:01:17]} Ka6 {[%emt 0:00:18]} 52. Bd2 {[%emt 0:00:06]} Ne6 {[%emt 0:00:01]} 53. Be3 {[%emt 0:01:44]} Nd8 {[%emt 0:00:53]} 54. Bd2 {[%emt 0:00:16]} Nc6 {[%emt 0:00:16]} 55. Ra1 {[%emt 0:00:40]} a4 {[%emt 0:00:58]} 56. Rb2 {[%emt 0:00:54]} Na5 {[%emt 0:00:22]} 57. Rab1 {[%emt 0:00:46]} Rc8 {[%emt 0:00:30]} 58. Be1 {[%emt 0:00:31]} Nc4 {[%emt 0:00:59]} 59. Ra2 {[%emt 0:00:07]} 1/2-1/2

[Event "Botvinnik Cup 2018"]
[Site "Moscow"]
[Date "2018.08.10"]
[Round "2"]
[White "Balabayeva, Xeniya"]
[Black "Egin, Vladimir"]
[Result "1/2-1/2"]
[WhiteElo "1788"]
[BlackElo "2317"]
[Annotator "NA"]
[PlyCount "48"]
[EventDate "2018.08.10"]
[EventCountry "RUS"]
[SourceTitle "playchess.com"]
[Source "ChessBase"]
[SourceQuality "1"]
[TimeControl "5400+30"]

1. e4 {[%emt 0:00:00]} e5 {[%emt 0:00:00]} 2. Nf3 {[%emt 0:00:00]} Nc6 {[%emt 0:00:00]} 3. d4 {[%emt 0:00:00]} exd4 {[%emt 0:00:00]} 4. Bc4 {[%emt 0:00:00]} Bc5 {[%emt 0:00:00]} 5. Ng5 {[%emt 0:00:32]} Nh6 {[%emt 0:00:00]} 6. Nxf7 {[%emt 0:00:39]} Nxf7 {[%emt 0:00:00]} 7. Bxf7+ {[%emt 0:00:08]} Kxf7 {[%emt 0:00:00]} 8. Qh5+ {[%emt 0:00:08]} g6 {[%emt 0:00:00]} 9. Qxc5 {[%emt 0:00:08]} d5 {[%emt 0:00:00]} 10. Qxd5+ {[%emt 0:06:53]} Qxd5 {[%emt 0:00:03]} 11. exd5 {[%emt 0:00:07]} Nb4 {[%emt 0:00:01]} 12. Na3 {[%emt 0:03:16]} Bf5 {[%emt 0:00:45]} 13. Bf4 {[%emt 0:03:23]} Rhe8+ {[%emt 0:04:44]} 14. Kd2 {[%emt 0:01:55]} Nxd5 {[%emt 0:04:47]} 15. Bg3 {[%emt 0:00:54]} Re7 {[%emt 0:15:03]} 16. Rhe1 {[%emt 0:04:41]} Rae8 {[%emt 0:03:15]} 17. Rxe7+ {[%emt 0:03:38]} Rxe7 {[%emt 0:00:02]} 18. Nb5 {[%emt 0:00:12]} Rd7 {[%emt 0:01:07]} 19. Na3 {[%emt 0:15:56]} Nb4 {[%emt 0:09:42]} 20. Nc4 {[%emt 0:06:03]} Nc6 {[%emt 0:01:16]} 21. Re1 {[%emt 0:02:34]} Be6 {[%emt 0:02:20]} 22. Ne5+ {[%emt 0:02:11]} Nxe5 {[%emt 0:00:03]} 23. Bxe5 {[%emt 0:00:42]} c5 {[%emt 0:00:31]} 24. b3 {[%emt 0:04:29]} b6 {[%emt 0:03:30]} 1/2-1/2

[Event "Botvinnik Cup 2018"]
[Site "Moscow"]
[Date "2018.08.10"]
[Round "2"]
[White "Tsotsonava, Elene"]
[Black "Sevdimaliyev, Urfan"]
[Result "1/2-1/2"]
[WhiteElo "1701"]
[BlackElo "2388"]
[Annotator "NA"]
[PlyCount "113"]
[EventDate "2018.08.10"]
[EventCountry "RUS"]
[SourceTitle "playchess.com"]
[Source "ChessBase"]
[SourceQuality "1"]
[TimeControl "5400+30"]

1. e4 {[%emt 0:00:00]} e6 {[%emt 0:00:26]} 2. d4 {[%emt 0:00:00]} d5 {[%emt 0:00:12]} 3. Nd2 {[%emt 0:00:00]} c5 {[%emt 0:00:37]} 4. exd5 {[%emt 0:00:00]} Qxd5 {[%emt 0:01:01]} 5. Ngf3 cxd4 {[%emt 0:02:36]} 6. Bc4 {[%emt 0:00:36]} Qd7 {[%emt 0:00:14]} 7. O-O {[%emt 0:09:51]} Nc6 {[%emt 0:00:19]} 8. Nb3 {[%emt 0:00:27]} Nf6 {[%emt 0:00:37]} 9. Nbxd4 {[%emt 0:00:48]} Nxd4 {[%emt 0:01:35]} 10. Nxd4 {[%emt 0:00:10]} a6 {[%emt 0:00:06]} 11. a4 {[%emt 0:02:13]} Qc7 {[%emt 0:04:25]} 12. Qe2 {[%emt 0:02:51]} Bd6 {[%emt 0:03:25]} 13. h3 {[%emt 0:00:30]} O-O {[%emt 0:02:09]} 14. Bg5 {[%emt 0:05:27]} Nd7 {[%emt 0:04:20]} 15. Rad1 {[%emt 0:02:31]} Ne5 {[%emt 0:01:31]} 16. Bb3 {[%emt 0:00:33]} Ng6 {[%emt 0:01:00]} 17. Rfe1 {[%emt 0:02:37]} h6 {[%emt 0:04:01]} 18. Be3 {[%emt 0:01:39]} b6 {[%emt 0:05:25]} 19. Qc4 {[%emt 0:03:27]} Bb7 {[%emt 0:14:05]} 20. Nxe6 {[%emt 0:15:01]} Bh2+ {[%emt 0:01:34]} 21. Kh1 {[%emt 0:00:10]} fxe6 {[%emt 0:00:37]} 22. Bxb6 {[%emt 0:03:32]} Qxc4 {[%emt 0:04:16]} 23. Bxc4 {[%emt 0:00:12]} Be5 {[%emt 0:08:59]} 24. Bd3 {[%emt 0:02:48]} Rf6 {[%emt 0:02:49]} 25. Bxg6 {[%emt 0:04:10]} Rxg6 {[%emt 0:01:00]} 26. Rxe5 {[%emt 0:00:15]} Rxg2 {[%emt 0:01:06]} 27. Rc5 {[%emt 0:04:47]} Rxf2+ {[%emt 0:03:08]} 28. Kg1 {[%emt 0:00:17]} Rg2+ {[%emt 0:02:39]} 29. Kf1 {[%emt 0:00:22]} Rf8+ {[%emt 0:00:22]} 30. Ke1 {[%emt 0:00:14]} Rf4 {[%emt 0:04:13]} 31. Rc7 {[%emt 0:01:40]} Bd5 {[%emt 0:02:06]} 32. Rd2 {[%emt 0:01:22]} Rg3 {[%emt 0:04:14]} 33. Bd4 {[%emt 0:01:10]} Re4+ {[%emt 0:03:16]} 34. Kd1 {[%emt 0:02:32]} Rf4 {[%emt 0:03:02]} 35. c4 {[%emt 0:05:01]} Bf3+ {[%emt 0:02:57]} 36. Kc1 {[%emt 0:00:43]} Be4 {[%emt 0:01:10]} 37. Be5 {[%emt 0:05:51]} Rf1+ {[%emt 0:02:32]} 38. Rd1 {[%emt 0:00:14]} Rxd1+ {[%emt 0:00:50]} 39. Kxd1 {[%emt 0:00:06]} Rxh3 {[%emt 0:01:57]} 40. Rxg7+ {[%emt 0:05:31]} Kf8 {[%emt 0:00:00]} 41. Ra7 {[%emt 0:00:26]} Rd3+ {[%emt 0:02:14]} 42. Ke2 {[%emt 0:00:31]} Rb3 {[%emt 0:01:32]} 43. Rxa6 {[%emt 0:00:40]} Bd3+ {[%emt 0:00:15]} 44. Kd2 {[%emt 0:01:31]} Bxc4 {[%emt 0:00:02]} 45. Ra7 {[%emt 0:00:11]} Bd5 {[%emt 0:00:57]} 46. Kc2 {[%emt 0:00:56]} h5 {[%emt 0:01:17]} 47. Bc3 {[%emt 0:02:04]} Ke8 {[%emt 0:02:10]} 48. Rh7 {[%emt 0:02:03]} Be4+ {[%emt 0:01:31]} 49. Kxb3 {[%emt 0:00:09]} Bxh7 {[%emt 0:00:17]} 50. Kc4 {[%emt 0:00:23]} Bc2 {[%emt 0:01:30]} 51. a5 {[%emt 0:00:51]} Kd7 {[%emt 0:00:20]} 52. b4 {[%emt 0:00:43]} Ba4 {[%emt 0:00:35]} 53. Kc5 {[%emt 0:01:14]} Kc7 {[%emt 0:00:27]} 54. a6 {[%emt 0:01:32]} Kb8 {[%emt 0:00:16]} 55. Kb6 {[%emt 0:00:36]} Ka8 {[%emt 0:00:23]} 56. b5 {[%emt 0:00:38]} Bxb5 {[%emt 0:00:02]} 57. Kxb5 1/2-1/2

[Event "Botvinnik Cup 2018"]
[Site "Moscow"]
[Date "2018.08.10"]
[Round "2"]
[White "Abrorova, Sabrina"]
[Black "Korotylev, Alexey"]
[Result "0-1"]
[WhiteElo "1685"]
[BlackElo "2573"]
[Annotator "TA"]
[PlyCount "80"]
[EventDate "2018.08.10"]
[EventCountry "RUS"]
[SourceTitle "playchess.com"]
[Source "ChessBase"]
[SourceQuality "1"]

{[%evp 9,80,-5,22,0,13,-15,0,-2,-3,4,33,25,25,27,34,38,43,21,21,8,23,-7,0,-25,-29,-25,-22,-27,0,0,0,0,0,0,0,0,0,0,21,17,14,-20,-28,-40,-40,-263,-217,-420,-411,-391,-392,-634,-622,-641,-618,-830,-812,-1479,-1454,-1357,-1334,-29987,-29988,-29989,-29990,-29985,-2503,-1854,-1847,-6195,-6183,-5389,-5489]} 1. d4 Nf6 2. Nf3 c5 3. d5 b5 4. a4 b4 5. c4 d6 {LiveBook: 18 Games} 6. g3 {A43: Schmid Benoni} (6. b3 g6 7. Bb2 Bg7 8. Nbd2 e5 9. dxe6 fxe6 10. g3 O-O 11. Bg2 Bb7 12. O-O Qe7 13. Qc2 Nc6 14. Rad1 e5 15. e3 Rad8 {0-1 (38) Stupak,K (2531)-Volodin,A (2491) St Petersburg 2015}) 6... g6 7. b3 Bg7 8. Bb2 {The position is equal.} O-O 9. Bg2 Na6 10. O-O Nc7 11. Nbd2 e5 $146 ({Predecessor:} 11... Bb7 12. Qc2 Nd7 13. Bxg7 Kxg7 14. Qb2+ Kg8 15. Rad1 a5 {1-0 (23) Kostiuk,T (2270)-Bogatyriova,L (2219) Dnipropetrovsk 2000}) 12. dxe6 fxe6 13. Ne1 Rb8 $1 14. Nd3 Qe7 15. Rc1 e5 16. Ne4 Nxe4 17. Bxe4 Bf5 18. Bg2 g5 19. Ne1 {[%cal Bd3e1,Be1c2,Bc2e3,Be3d5][%mdl 32]} e4 20. Bxg7 Kxg7 21. Nc2 Bg6 22. Ne3 h6 23. Rc2 Ne6 24. Rd2 {Black should prevent Nd5.} Nd4 25. Nd5 Qe5 26. f4 exf3 $1 27. Bxf3 $2 {[#]} ({White has to play} 27. exf3 $15 Rbe8 28. f4 Ne2+ 29. Rxe2 Qxe2 30. Qa1+ Kh7 31. Nf6+ Rxf6 32. Qxf6) 27... Rf7 28. Bg2 $2 (28. e3 {was the only defense.} Nxf3+ 29. Rxf3) 28... Rxf1+ $19 29. Bxf1 Rf8 {[%cal Bb8f8,Bf8f3,Bf3e3][%mdl 32]} 30. Bg2 $2 {[#]} (30. a5) 30... Bc2 $1 {[%mdl 512]} 31. Qe1 (31. Rxc2 Nxc2) 31... Bxb3 32. e3 Bxc4 33. Nc7 Nf3+ 34. Bxf3 Rxf3 35. Rf2 Rxe3 36. Qd2 Re1+ 37. Kg2 Bf1+ (37... g4 $142 38. Rf4 Re2+ 39. Qxe2 Qxe2+ 40. Rf2 Qe7 41. Rf4 b3 42. h4 b2 43. Rxg4+ Kh8 44. Rf4 b1=Q 45. Ne6 Qeb7+ 46. Rf3 Qf1+ 47. Kh2 Qb2+ 48. Rf2 Qbxf2#) 38. Rxf1 {Black is clearly winning.} Re2+ 39. Rf2 Rxd2 40. Rxd2 b3 {Precision: White = 27%, Black = 56%.} 0-1

[Event "Botvinnik Cup 2018"]
[Site "Moscow"]
[Date "2018.08.10"]
[Round "2"]
[White "Urmonov, Davron"]
[Black "Khusnutdinov, Rustam"]
[Result "0-1"]
[WhiteElo "1593"]
[BlackElo "2470"]
[Annotator "TA"]
[PlyCount "52"]
[EventDate "2018.08.10"]
[EventCountry "RUS"]
[SourceTitle "playchess.com"]
[Source "ChessBase"]
[SourceQuality "1"]

{[%evp 11,52,-38,-25,-65,-49,-131,-112,-135,-123,-123,-122,-124,-122,-127,-69,-139,-156,-142,-163,-159,-165,-186,-181,-177,-183,-212,-188,-175,-125,-277,-291,-273,-263,-645,-631,-718,-711,-847,-854,-915,-931,-1014,-1047]} 1. Nf3 Nf6 2. c4 e6 3. d4 d5 4. Nc3 dxc4 5. e4 b5 (5... Bb4 6. Bxc4 Nxe4 7. O-O Nf6 8. Qa4+ Nc6 9. Ne5 Rb8 10. d5 exd5 11. Nxd5 Nxd5 12. Nxc6 bxc6 13. Qxc6+ Qd7 14. Bxd5 {½-½ (28) Aronian,L (2764)-Caruana,F (2822) Stavanger 2018}) 6. Bg5 {D24: Queen's Gambit Accepted: 3 Nf3 Nf6 4 Nc3} a6 {LiveBook: 25 Games} 7. Be2 Be7 8. a3 (8. O-O $15) 8... Bb7 $17 9. Qc2 Nbd7 $146 ({Predecessor:} 9... O-O 10. O-O c5 11. dxc5 Nfd7 12. Bxe7 Qxe7 13. Nd4 Nxc5 {0-1 (46) Guerrero Orihuela,J (1621)-Kvisvik,B (2273) Las Palmas 2015}) 10. Rd1 h6 11. Bf4 O-O 12. Ne5 Qc8 (12... Nxe5 $17 13. dxe5 Nd7) 13. h4 ({White should play} 13. O-O $15) 13... c5 {aiming for ...cxd4.} 14. Nxd7 Nxd7 15. d5 Bf6 16. Bg4 Ne5 17. Bxe5 Bxe5 18. Ne2 Qe8 19. f4 {[#]} Bd4 $1 {[%mdl 512]} 20. d6 $2 {[#]} (20. Nxd4 $17 cxd4 21. Rxd4) 20... f5 $1 $19 {[%cal Bf7f5,Bf5e4][%mdl 544]} 21. Bf3 {intending e5.} (21. exf5 exf5) 21... e5 {[%cal Be6e5,Be5f4][%mdl 32]} 22. Nxd4 $2 (22. exf5 Bxf3 23. gxf3) 22... cxd4 {[%cal Bc5d4,Bd4d3][%mdl 32] Black is clearly winning.} ({Weaker is} 22... exd4 23. e5 $17) 23. O-O d3 24. Qc3 fxe4 25. Bg4 exf4 26. d7 Qg6 {Precision: White = 26%, Black = 77%.} 0-1

[Event "Botvinnik Cup 2018"]
[Site "Moscow"]
[Date "2018.08.10"]
[Round "2"]
[White "Ilkhomi, Jaloliddin"]
[Black "Korotylev, Alexey"]
[Result "0-1"]
[WhiteElo "1477"]
[BlackElo "2573"]
[Annotator "TA"]
[PlyCount "122"]
[EventDate "2018.08.10"]
[EventCountry "RUS"]
[SourceTitle "playchess.com"]
[Source "ChessBase"]
[SourceQuality "1"]

{[%evp 15,122,11,14,-40,0,-7,-5,-45,-38,-36,-28,-43,-33,-39,-39,-44,-41,-97,-33,-34,-36,-65,-42,-47,-47,-71,-62,-52,-56,-104,-98,-166,-151,-188,-178,-263,-264,-345,-355,-364,-362,-338,-243,-257,-241,-246,-221,-252,-238,-234,-234,-229,-227,-235,-215,-316,-365,-351,-352,-328,-255,-246,-224,-281,-162,-162,-162,-162,-121,-187,-185,-275,-275,-275,-275,-268,-275,-473,-466,-437,-268,-883,-885,-812,-710,-490,-739,-29964,-29965,-7344,-5527,-29967,-29968,-29968,-29969,-29968,-29968,-8307,-6115,-29980,-29981,-29981,-29982,-29989,-29990,-29992,-29993,-29993,-507]} 1. d4 Nf6 2. Bf4 c5 3. e3 g6 4. c3 b6 5. Nd2 Bg7 6. Ngf3 Bb7 7. Bd3 O-O 8. O-O {A48: 1 d4 Nf6 2 Nf3 g6: Torre, London and Colle Systems} d6 {LiveBook: 12 Games} (8... Nc6 9. Re1 d6 10. Bf1 Re8 11. e4 cxd4 12. cxd4 e5 13. Bg5 Nxd4 14. Nxd4 exd4 15. f3 h6 {0-1 (34) Tran,M (2409)-Sengupta,D (2586) Chengdu 2017}) 9. Qc2 ({Better is} 9. Re1 $11) 9... Nc6 10. Rad1 {The position is equal.} Nh5 $146 ({Predecessor:} 10... Rc8) 11. Bg3 Nxg3 12. hxg3 e6 13. Rfe1 Qe7 14. Qa4 a6 15. dxc5 bxc5 16. Nc4 (16. e4 $15) 16... Qc7 ({Black should play} 16... d5 $17 17. Na5 Nxa5 18. Qxa5 f5) 17. e4 $15 Rfd8 18. Bb1 d5 19. exd5 exd5 20. Ne3 d4 21. cxd4 $1 Nxd4 22. Nxd4 Bxd4 23. b4 (23. Re2 $17 {was necessary.}) 23... c4 24. Qc2 c3 25. Kh1 (25. a4 $142) 25... Qc6 $19 26. f3 Qd6 27. Kh2 Qxb4 28. Qb3 Qxb3 29. axb3 Kg7 30. Rd3 Bf6 31. Red1 Rxd3 32. Rxd3 Rc8 33. Bc2 Rc5 34. Ng4 Bg5 35. f4 (35. b4 $142 Rc7 36. Kg1) 35... Be4 36. Nf2 Bxd3 37. Nxd3 Ra5 38. fxg5 Rxg5 {[%mdl 4096] Endgame} 39. b4 a5 (39... h5 $142 40. Kh3 Kh6) 40. bxa5 Rxa5 {aiming for ...Ra2.} 41. Kg1 Rf5 42. Nf4 {[#]} (42. Ne1 $17 Rb5 43. Kf2) 42... Rf6 $1 43. Nd5 (43. Nd3 $142) 43... Rd6 44. Ne3 Rd2 45. Kf1 f5 46. Bb3 $2 {[#]} (46. Ke1) 46... h5 47. Ke1 Kf6 48. Nd5+ $2 (48. Bd1) 48... Ke5 49. Nf4 g5 50. Ne2 Rb2 51. Bc4 Rb1+ 52. Kf2 c2 53. Bf7 Rd1 54. Bb3 Rd2 55. Bxc2 Rxc2 {KR-KN} 56. Ke3 Ra2 57. Kf3 Ra3+ {Black mates.} 58. Kf2 Ke4 59. Ng1 Ra2+ 60. Kf1 Ke3 {[%cal Ra2a1]} 61. Nf3 Ra1+ {Precision: White = 31%, Black = 77%.} (61... g4 $142 62. Kg1 gxf3 63. Kh2 fxg2 64. Kh3 g1=Q 65. Kh4 Ra6 66. Kxh5 Qd1+ 67. Kh4 Qg4#) 0-1

[Event "Botvinnik Cup 2018"]
[Site "Moscow"]
[Date "2018.08.11"]
[Round "3"]
[White "Kovalev, Vladislav"]
[Black "Kirillov, Dmitry"]
[Result "1-0"]
[WhiteElo "2667"]
[BlackElo "2209"]
[Annotator "TA"]
[PlyCount "63"]
[EventDate "2018.08.10"]
[EventCountry "RUS"]
[SourceTitle "playchess.com"]
[Source "ChessBase"]
[SourceQuality "1"]

{[%evp 13,63,2,20,6,55,39,41,46,55,46,86,77,89,92,99,104,106,100,95,98,102,92,99,99,101,109,98,84,123,116,137,121,111,127,425,425,407,406,393,417,405,404,431,413,507,488,511,512,741,740,730,718]} 1. e4 c5 2. Be2 e6 3. d3 d5 4. f4 Nc6 5. Nf3 Nf6 6. e5 {B21: Sicilian: 2 f4 and Morra Gambit} Nd7 7. c3 d4 {LiveBook: 3 Games} (7... b5 8. O-O Be7 9. Be3 Rb8 10. Nbd2 a5 11. d4 b4 12. c4 cxd4 13. Nxd4 Nxd4 14. Bxd4 {0-1 (47) Kovalev,V (2639)-Ganguly,S (2650) Riadh 2017}) 8. Nbd2 {The position is equal.} f6 9. exf6 Nxf6 10. O-O $146 ({Predecessor:} 10. Ne4 dxc3 11. bxc3 Be7 12. O-O Nxe4 13. dxe4 {0-1 (48) Sigrist,W (1810)-Schneider,A (2030) Graechen 1999}) 10... Be7 11. Ne5 Qc7 12. Nxc6 Qxc6 13. Bf3 Qc7 14. cxd4 cxd4 15. Nc4 {[%cal Bd2c4,Bc4e5,Be5c6][%mdl 32]} O-O 16. Bd2 Nd5 17. g3 b5 18. Ne5 Bb7 19. Rc1 Qd6 20. Be4 Ne3 21. Bxe3 $1 Bxe4 22. dxe4 dxe3 23. Nc6 Rac8 $2 {[%mdl 8192] [#]} (23... Qxd1 $16 {is a better defense.} 24. Nxe7+ (24. Rfxd1 Bd8 $16) 24... Kf7 25. Rfxd1 Kxe7) 24. Qxd6 $1 $18 Bxd6 25. Rfd1 Rxc6 26. Rxc6 {[%mdl 4096] Endgame KRR-KRB} Bb4 27. Kf1 g5 28. Ke2 Bd2 29. Rf1 {White is clearly winning.} g4 30. h3 h5 31. hxg4 hxg4 32. Rh1 {Precision: White = 91%, Black = 46%.} 1-0